Vplyv chemického zloženia a vybraných keramických povlakov na vysokoteplotnú koróznu odolnosť ocelí

Gespeichert in:
Bibliographische Detailangaben
1. Verfasser: Palcut, Marián (Verfasst von)
Weitere Verfasser: (Betreuung Doktorarbeit)
Format: Manuskript Buch
Sprache:Slowakisch
Veröffentlicht: 2019
Schlagworte:
Online-Zugang:http://is.stuba.sk/zp/portal_zp.pl?podrobnosti_zp=71248
Tags: Tag hinzufügen
Keine Tags, Fügen Sie das erste Tag hinzu!

MARC

LEADER 00000ntm a22000003a 4500
001 stuzp71248
003 SK-STU
005 20190814125744.0
007 ta
008 150427s2015----xo-----f-mn---000-0-slo-d
035 |a biblio/132172  |2 CREPC2 
040 |a STU  |b slo 
041 0 |a slo 
044 |a xo 
100 1 |a Palcut, Marián  |u 061000  |k Z2  |4 aut  |9 100  |U MTF Materiálovotechnologická fakulta  |T MTF Ústav materiálov  |X 51626  |U M1000  |Y 81  |7 A000051626 
242 0 1 |a The effect of chemical composition and selected ceramic coatings on high temperature corrosion resistance of steels  |y eng 
245 1 0 |a Vplyv chemického zloženia a vybraných keramických povlakov na vysokoteplotnú koróznu odolnosť ocelí 
260 |c 2019 
300 |a 63 s. 
650 4 |a oxidácia  |2 slo 
650 4 |a oceľ  |2 slo 
650 4 |a povlak  |2 slo 
650 4 |a steel  |2 eng 
650 4 |a coating  |2 eng 
650 4 |a oxidation  |2 eng 
700 1 |a ,  |4 ths  |X null  |7 null 
856 4 |u http://is.stuba.sk/zp/portal_zp.pl?podrobnosti_zp=71248 
996 |c M* HP-137  |l MMSKP  |s P  |a 0  |w stuzp71248_0001